000 00274nam a22001337a 4500
020 _a3187466-175
041 _aENG
100 _aJain
245 _aEngineering Chemistry
260 _apune
_bDhanpat Rai PUB
_c1999
300 _a952
650 _aEOES
856 _uChemistry
999 _c339
_d339